Food formulation : novel ingredients and processing techniques /

"Food products are made by combining food ingredients in specific proportions in a formulation. Research on the effects of various formulations and processes on product qualities is common. However, research is focussed on either the effect of formulation or a novel processing technique on the...

Full description

Bibliographic Details
Other Authors: Pathania, Shivani (Editor), Tiwari, Brijesh K. (Editor)
Format: eBook
Language:English
Published: Hoboken, NJ : John Wiley & Sons, Inc., 2021.
Series:IFST advances in food science.
Subjects:
Online Access:Connect to the full text of this electronic book

MARC

Tag First Indicator Second Indicator Subfields
LEADER 00000nam a2200000 i 4500
001 in00004686721
006 m o d
007 cr |||||||||||
008 200701t20212021njua ob 001 0 eng
005 20260214202007.6
010 |a  2020029619 
020 |a 9781119614760  |q (electronic book) 
020 |a 1119614767  |q (electronic book) 
020 |a 9781119615248  |q (electronic book) 
020 |a 1119615240  |q (electronic book) 
020 |a 1119614759  |q (electronic book) 
020 |a 9781119614753  |q (electronic bk.) 
020 |z 9781119614746  |q (hardcover) 
035 |a wil6007436 
035 |a (DLC)wil6007436 
040 |a DLC  |b eng  |e rda  |e pn  |c DLC 
042 |a pcc 
050 0 4 |a TX531  |b .F564 2021 
082 0 0 |a 363.19/264  |2 23 
245 0 0 |a Food formulation :  |b novel ingredients and processing techniques /  |c edited by Shivani Pathania, Brijesh K. Tiwari. 
264 1 |a Hoboken, NJ :  |b John Wiley & Sons, Inc.,  |c 2021. 
264 4 |c ©2021 
300 |a 1 online resource (xiii, 314 pages) :  |b illustrations (chiefly color) 
336 |a text  |b txt  |2 rdacontent 
337 |a computer  |b c  |2 rdamedia 
338 |a online resource  |b cr  |2 rdacarrier 
490 1 |a IFST advances in food science book series 
504 |a Includes bibliographical references and index. 
505 0 |a Food Formulation and Product Development / Shivani Pathania, Cheenam Bhatia, Brijesh K Tiwari -- Smart Functional Ingredients / Milica Poji -- Healthy Ingredients / Ciara McDonagh -- Macromolecules Interactions in Food Formulations / Puneet Parmar, Rajpreet Kaur Goraya, Shivani Pathania -- Effect of Ingredient Interactions on Techno-Functional Properties / Hanuman Bobade, Savita Sharma, Baljit Singh -- 3D Printing / Arianna Dick, Sangeeta Prakash, Bhesh Bhandari -- Encapsulation Technologies Applied to Food Processing / Carlos Alvarez, Daniel Pando -- Advances in Extrusion Technologies / Manzoor Ahmad Shah, Shabir Ahmad Mir, BN Dar -- Thermal Processing Technologies / Tomas Lafarga, Anna Vallverd Queralt, Gloria Bobo, Maribel Abadias, Ingrid Aguil-Aguayo -- Non-thermal Processing Technologies / Maneesha S Mohan, Ingrid Aguil-Aguayo, Tomas Lafarga -- Formulation for Food Intolerance / Iuliana Vintil -- Prebiotic and Probiotic Food Formulations / Pradip Behare, Shaik Abdul Hussain, Desiree Roman Naranjo, Prateek Sharma, Olivia McAuliffe -- Mathematical Tools for Food Formulation / Camila A Perussello, Jesus M Frias -- Regulatory and Legislative Framework for Novel Foods / Jessica Vapnek, Kai Purnhagen, Ben Hillel. 
520 |a "Food products are made by combining food ingredients in specific proportions in a formulation. Research on the effects of various formulations and processes on product qualities is common. However, research is focussed on either the effect of formulation or a novel processing technique on the product characteristics. A comprehensive document understanding the two-way trends in food formulation, its effect on commercialisation of new technologies and impact of new technologies on formulations is not currently unavailable. There are many novel food ingredients and emerging technologies available to process formulations, but optimization of the formulation and manufacturing process are still required. Therefore, novel and healthy ingredients along with increasing requirement of novel processing techniques for clean label food products as well as regulations and legislation to their use formed the premise of this book. There is thus a need to document not only the food ingredients and formulations, but also to know how novel processes that can be exploited industrially"--  |c Provided by publisher 
588 0 |a Online resource; title from digital title page (viewed on April 22, 2021). 
650 0 |a Food adulteration and inspection. 
650 0 |a Food  |x Composition. 
650 0 |a Food  |x Safety measures. 
655 4 |a Electronic books. 
700 1 |a Pathania, Shivani,  |e editor. 
700 1 |a Tiwari, Brijesh K.,  |e editor. 
776 0 8 |i Print version:  |t Food formulation.  |b First edition.  |d Hoboken, NJ : Wiley Blackwell, 2020  |z 9781119614746  |w (DLC) 2020029618 
830 0 |a IFST advances in food science. 
856 4 0 |u http://proxy.library.tamu.edu/login?url=https://onlinelibrary.wiley.com/book/10.1002/9781119614760  |z Connect to the full text of this electronic book  |t 0 
955 |a Wiley EBA record 
975 |p Wiley UBCM Full Collection 2026 
999 f f |s ed41cbee-045d-4d9f-bf50-c4112e4cbb9a  |i 2cd47d00-b582-4573-b67e-ef1cf9273e73  |t 0 
952 f f |a Texas A&M University  |b College Station  |c Electronic Resources  |s evans_pda  |d Available Online  |t 0  |e TX531 .F564 2021  |h Library of Congress classification 
998 f f |a TX531 .F564 2021  |t 0  |l Available Online